| 000 | 00621nam a2200205 4500 | ||
|---|---|---|---|
| 003 | OSt | ||
| 005 | 20240628062735.0 | ||
| 006 | a | ||
| 008 | 240628b |||||||| |||| 00| 0 eng d | ||
| 020 | _a9780470283189 | ||
| 040 |
_aDWCL-HMN lib. _cOC |
||
| 082 | _aCirc. 641.2 G449s 2010 | ||
| 100 | _aGibson, Michael | ||
| 245 | _aThe sommilier prep course : an introduction to the wines, beers, and spirits of the world / | ||
| 260 |
_aN.J. : _bJohn Wiley & Sons, Inc. , _cc2010 |
||
| 300 |
_avii, _b468 p. : ill. ; _c23 cm. |
||
| 504 | _aIncludes index. | ||
| 650 | _aIncludes index. | ||
| 942 |
_2ddc _n0 _cBK-CIRC _kCirc. |
||
| 999 |
_c1597 _d1597 |
||